|
|
|
|
| LEADER |
00000cam a2200000 7i4500 |
| 001 |
0000001177 |
| 005 |
20160330.0 |
| 008 |
070703 |
| 020 |
|
|
|a 9833385001(set)
|
| 020 |
|
|
|a 9833385486
|
| 090 |
0 |
0 |
|a SMA
|b MAL
|
| 100 |
0 |
|
|a Smahadzir
|
| 245 |
1 |
0 |
|a Dua sahabat
|c Smahadzir
|
| 260 |
|
|
|a Selangor :
|b Pekan Ilmu Publications ,
|c 2006
|
| 440 |
|
|
|a Siri khazanah moral pekan
|
| 500 |
|
|
|a Teenager ages 13-18 years old (blue)
|
| 650 |
|
0 |
|a Malay fiction
|
| 999 |
|
|
|a 0000947170
|b Book
|c Children Collection
|e Cawangan Pontian
|
| 999 |
|
|
|a 0000955069
|b Book
|c Teenagers
|e Perbadanan Perpustakaan Awam Johor
|
| 999 |
|
|
|a 0000955070
|b Book
|c Teenagers
|e Perbadanan Perpustakaan Awam Johor
|
| 999 |
|
|
|a 0000955071
|b Book
|c Teenagers
|e Perbadanan Perpustakaan Awam Johor
|
| 999 |
|
|
|a 0000955072
|b Book
|c Teenagers
|e Perbadanan Perpustakaan Awam Johor
|
| 999 |
|
|
|a 0000955073
|b Book
|c Teenagers
|e Perbadanan Perpustakaan Awam Johor
|